| 000 | 01651nam a22002415i 4500 | ||
|---|---|---|---|
| 001 | 159105 | ||
| 003 | ES-MaACL | ||
| 005 | 20250727063148.0 | ||
| 008 | 000921s1784 sp |||| | spasd | ||
| 040 |
_aAN _bspa _cAN |
||
| 100 | 1 |
_aMasdéu, Juan Francisco, _d1744-1817 _9129694 |
|
| 245 | 1 | 0 |
_aHistoria critica de España, y de la cultura española en todo genero / _cEscrita en italiano por D. Juan Francisco de Masdeu ...; traducido al idioma español por N ...N ...; tomo II, España Antigua. |
| 260 |
_aEn Madrid : _bPor Don Antonio de Sancha, Se hallará en su Librería en la Aduana vieja, _c1784. |
||
| 300 |
_aXXVIII, 382 p. ; _c4º (21 cm) |
||
| 500 | _aIndices: p. 368-382. | ||
| 594 | _aLa traducción de la obra ha sido atribuída a Bernardo Arana y al propio Juan Francisco de Masdeu, cf. Rogers y Lapuente. Diccionario de seudónimos literarios españoles, p. 321. En port. de t. II-III consta: ... escrita en italiano por D. Juan Francisco de Masdeu ... ; traducida al idioma español por N.N. | ||
| 595 | _aDe este volumen de "España antigua. Parte primera" hay 3 ediciones o estados. Esta edición se caracteriza porque pone "Tomo II", pero no pone "Parte primera", además de carecer en la contraportada de la Tabla con el "Orden de los tomos", que sí tienen las otras ediciones. La composición tipográfica del contenido difiere del de las otras dos ediciones. | ||
| 597 | _aSign.: []4, 2*4, 3*4, 4*2, A-Z4, 2A-2Z4, 3A4-3B2. | ||
| 597 | _aApostillas marginales. | ||
| 651 | 4 |
_aEspaña- _xHistoria. _98209 |
|
| 852 |
_aES-MaACL _jR-270-89 _z-- Enc. pasta _x Olim: C-44-63 |
||
| 999 |
_c159105 _d159105 |
||